000 00799cam a22002298i 4500
999 _c57800
_d57800
001 19862651
005 20201208133849.0
008 170804s2017 enk b 001 0 eng
020 _a9781780648231
080 _a338.48 H-75
100 1 _aHolland, Jakki,
_eauthor.
_98885
245 1 0 _aTour operators and operations :
_bdevelopment, management and responsibility /
_cby Jakki Holland and David Leslie.
264 1 _aBoston, MA :
_bCABI,
_c2017.
300 _a282 pages
_b24 cm
650 0 _aTourism
_xManagement.
_98886
650 0 _aPackage tours.
_98887
653 _aტურიზმი
653 _aტურიზმის მენეჯმენტი
653 _aტურპაკეტები
700 1 _aLeslie, David,
_d1951-
_eავტორი
_98888
942 _2udc
_cBK